000 00554nam a2200181Ia 4500
008 100920s9999 xx 000 0 und d
082 _b58258
_a330 थ 90
100 _aKALKUNDRIKAR A.B. / KEMBHAVI M.N.
245 _aBanking Law and Practice.
260 _bHimalaya Publishing House, BOMBAY.
_c1990
300 _a317
_bसाधी
365 _b125
520 _aअर्थशास्त्र.
630 _aBanking Law and Practice.
650 _aअर्थशास्त्र.
730 _aBanking Law and Practice.
942 _cBOOK
999 _c701975
_d701972